[Event "Team men HL 2016"]
[Site "Sochi"]
[Date "2016.05.08"]
[Round "7.3"]
[White "Iljiushenok, Ilia"]
[Black "Zhurikhin, Alexander"]
[Result "1/2-1/2"]
[LiveChessVersion "1.4.4"]
[BlackElo "2334"]
[WhiteElo "2499"]

1. d4 {[%clk 1:30:53]} Nf6 {[%clk 1:30:05]} 2. c4 {[%clk 1:31:15]} c6
{[%clk 1:30:29]} 3. Nc3 {[%clk 1:31:29]} d5 {[%clk 1:30:48]} 4. e3
{[%clk 1:31:47]} Bg4 {[%clk 1:30:40]} 5. f3 {[%clk 1:25:30]} Bc8 {[%clk 1:30:54]}
6. Bd3 {[%clk 1:24:18]} e6 {[%clk 1:30:13]} 7. cxd5 {[%clk 1:23:59]} exd5
{[%clk 1:24:31]} 8. Nge2 {[%clk 1:24:00]} c5 {[%clk 1:22:58]} 9. O-O
{[%clk 1:18:23]} Nc6 {[%clk 1:22:28]} 10. a3 {[%clk 1:14:09]} cxd4
{[%clk 1:09:32]} 11. exd4 {[%clk 1:09:00]} Be7 {[%clk 1:09:54]} 12. Bg5
{[%clk 1:06:44]} O-O {[%clk 1:05:42]} 13. Rc1 {[%clk 1:06:03]} Ne8
{[%clk 1:02:19]} 14. Bxe7 {[%clk 0:59:10]} Nxe7 {[%clk 1:00:01]} 15. Nf4
{[%clk 0:58:54]} Nc7 {[%clk 0:49:04]} 16. Bb1 {[%clk 0:50:41]} Qd6
{[%clk 0:36:23]} 17. Qd2 {[%clk 0:46:55]} Bd7 {[%clk 0:31:27]} 18. Rfe1
{[%clk 0:43:10]} Rfe8 {[%clk 0:30:35]} 19. Ba2 {[%clk 0:39:00]} Bc6
{[%clk 0:24:48]} 20. Nd3 {[%clk 0:30:52]} Nb5 {[%clk 0:14:57]} 21. Nxb5
{[%clk 0:20:10]} Bxb5 {[%clk 0:15:22]} 22. Qb4 {[%clk 0:19:04]} Qb6
{[%clk 0:04:08]} 23. Nc5 {[%clk 0:06:15]} Bc6 {[%clk 0:04:27]} 24. Qd2
{[%clk 0:05:49]} Nf5 {[%clk 0:04:22]} 25. Bb1 {[%clk 0:04:08]} Nd6
{[%clk 0:04:25]} 26. b3 {[%clk 0:03:40]} Rxe1+ {[%clk 0:04:34]} 27. Rxe1
{[%clk 0:03:49]} Re8 {[%clk 0:05:00]} 28. Rxe8+ {[%clk 0:03:47]} Nxe8
{[%clk 0:04:53]} 29. b4 {[%clk 0:03:23]} g6 {[%clk 0:04:09]} 30. Bd3
{[%clk 0:03:15]} Bb5 {[%clk 0:01:07]} 31. Bc2 {[%clk 0:02:54]} Nd6
{[%clk 0:00:56]} 32. Qf4 {[%clk 0:02:33]} Qd8 {[%clk 0:01:03]} 33. Nd3
{[%clk 0:01:23]} Bxd3 {[%clk 0:00:44]} 34. Bxd3 {[%clk 0:01:52]} Nc4
{[%clk 0:01:00]} 35. Qc1 {[%clk 0:01:29]} b5 {[%clk 0:01:19]} 36. Qc3
{[%clk 0:00:56]} Qb6 {[%clk 0:00:54]} 37. Kf2 {[%clk 0:01:03]} Qa6
{[%clk 0:00:57]} 38. Bxc4 {[%clk 0:01:10]} dxc4 {[%clk 0:00:46]} 39. d5
{[%clk 0:00:59]} Qd6 {[%clk 0:00:51]} 40. Qd4 {[%clk 0:31:25]} c3
{[%clk 0:30:41]} 41. Qxc3 {[%clk 0:27:42]} Qxd5 {[%clk 0:30:59]} 1/2-1/2

[Event "Team men HL 2016"]
[Site "Sochi"]
[Date "2016.05.08"]
[Round "7.4"]
[White "Aminov, Andrey"]
[Black "Arslanov, Shamil"]
[Result "0-1"]
[LiveChessVersion "1.4.4"]
[BlackElo "2398"]
[WhiteElo "2324"]

1. e4 {[%clk 1:30:55]} e6 {[%clk 1:30:54]} 2. Qe2 {[%clk 1:31:18]} c5
{[%clk 1:30:58]} 3. Nf3 {[%clk 1:31:39]} Nc6 {[%clk 1:31:23]} 4. g3
{[%clk 1:32:02]} g6 {[%clk 1:31:48]} 5. Bg2 {[%clk 1:32:26]} Bg7 {[%clk 1:32:13]}
6. O-O {[%clk 1:32:46]} Nge7 {[%clk 1:32:40]} 7. d3 {[%clk 1:33:08]} O-O
{[%clk 1:33:03]} 8. Nbd2 {[%clk 1:33:33]} b6 {[%clk 1:31:48]} 9. c3
{[%clk 1:33:20]} Ba6 {[%clk 1:31:28]} 10. Re1 {[%clk 1:32:40]} d6
{[%clk 1:29:05]} 11. h3 {[%clk 1:15:05]} Qd7 {[%clk 1:26:43]} 12. Nc4
{[%clk 1:04:58]} b5 {[%clk 1:23:01]} 13. Ne3 {[%clk 1:04:32]} b4 {[%clk 1:23:28]}
14. Qd2 {[%clk 1:00:34]} bxc3 {[%clk 0:54:58]} 15. bxc3 {[%clk 1:01:01]} Nb4
{[%clk 0:55:23]} 16. Bf1 {[%clk 0:53:05]} Qa4 {[%clk 0:54:31]} 17. e5
{[%clk 0:34:43]} Nbd5 {[%clk 0:46:33]} 18. exd6 {[%clk 0:34:25]} Nc8
{[%clk 0:46:45]} 19. Nxd5 {[%clk 0:21:52]} exd5 {[%clk 0:47:07]} 20. Bg2
{[%clk 0:21:49]} Nxd6 {[%clk 0:46:35]} 21. Qf4 {[%clk 0:19:54]} Qxf4
{[%clk 0:25:58]} 22. Bxf4 {[%clk 0:20:21]} Nb5 {[%clk 0:24:48]} 23. c4
{[%clk 0:14:16]} Bxa1 {[%clk 0:23:59]} 24. cxb5 {[%clk 0:14:27]} Bc3
{[%clk 0:24:25]} 25. Rc1 {[%clk 0:13:33]} Bb2 {[%clk 0:24:51]} 26. Rc2
{[%clk 0:12:19]} Bxb5 {[%clk 0:24:36]} 27. Rxb2 {[%clk 0:12:25]} Bxd3
{[%clk 0:25:03]} 28. Ne5 {[%clk 0:10:35]} Bf5 {[%clk 0:18:04]} 29. Bxd5
{[%clk 0:09:53]} Rad8 {[%clk 0:18:33]} 30. Bc4 {[%clk 0:04:26]} Rd1+
{[%clk 0:06:06]} 31. Kh2 {[%clk 0:04:29]} Be4 {[%clk 0:06:31]} 32. f3
{[%clk 0:03:56]} Bd5 {[%clk 0:07:00]} 33. Be2 {[%clk 0:02:09]} Ra1
{[%clk 0:07:23]} 34. Nd7 {[%clk 0:01:30]} Rd8 {[%clk 0:04:23]} 35. Nf6+
{[%clk 0:01:58]} Kg7 {[%clk 0:03:48]} 36. Bc7 {[%clk 0:01:50]} Kxf6
{[%clk 0:03:36]} 37. Bxd8+ {[%clk 0:02:14]} Ke6 {[%clk 0:04:05]} 38. Bg5
{[%clk 0:02:06]} Rxa2 {[%clk 0:01:59]} 39. Rxa2 {[%clk 0:01:38]} Bxa2
{[%clk 0:02:28]} 40. Kg2 {[%clk 0:32:07]} Kd5 {[%clk 0:30:51]} 41. Kf2
{[%clk 0:32:01]} a5 {[%clk 0:25:57]} 42. Ke3 {[%clk 0:26:12]} a4 {[%clk 0:25:36]}
43. Bf6 {[%clk 0:24:30]} a3 {[%clk 0:23:23]} 44. Kd2 {[%clk 0:22:58]} h5
{[%clk 0:22:50]} 45. h4 {[%clk 0:19:47]} Ke6 {[%clk 0:19:51]} 46. Ba1
{[%clk 0:19:02]} Bd5 {[%clk 0:19:45]} 47. Ke3 {[%clk 0:18:05]} Bb3
{[%clk 0:15:26]} 48. Bc3 {[%clk 0:18:13]} Kd5 {[%clk 0:15:13]} 49. Bd2
{[%clk 0:18:14]} Bc4 {[%clk 0:11:25]} 50. Bd3 {[%clk 0:18:11]} f5
{[%clk 0:05:50]} 51. Bc1 {[%clk 0:17:03]} a2 {[%clk 0:05:13]} 52. Bb2
{[%clk 0:17:26]} Bb3 {[%clk 0:02:11]} 53. Kd2 {[%clk 0:16:19]} Kd6
{[%clk 0:01:00]} 54. Kc3 {[%clk 0:09:09]} Bd5 {[%clk 0:01:24]} 55. f4
{[%clk 0:09:23]} Be6 {[%clk 0:00:42]} 56. Bc4 {[%clk 0:09:24]} Bd5
{[%clk 0:01:08]} 57. Kb3 {[%clk 0:09:48]} Kc6 {[%clk 0:00:51]} 58. Bxd5+
{[%clk 0:10:10]} Kxd5 {[%clk 0:01:19]} 59. Kxa2 {[%clk 0:10:39]} Ke4
{[%clk 0:01:24]} 60. Kb3 {[%clk 0:10:53]} Kd3 {[%clk 0:00:36]} 61. Bf6
{[%clk 0:11:15]} c4+ {[%clk 0:00:40]} 62. Kb4 {[%clk 0:11:40]} 0-1

[Event "Team men HL 2016"]
[Site "Sochi"]
[Date "2016.05.08"]
[Round "7.5"]
[White "Khismatullin, Denis"]
[Black "Tekeyev, Zaur"]
[Result "1/2-1/2"]
[LiveChessVersion "1.4.4"]
[BlackElo "2350"]
[WhiteElo "2609"]

1. d4 {[%clk 1:30:58]} Nf6 {[%clk 1:30:52]} 2. c4 {[%clk 1:31:23]} g6
{[%clk 1:31:16]} 3. Nc3 {[%clk 1:31:48]} Bg7 {[%clk 1:31:36]} 4. e4
{[%clk 1:32:12]} O-O {[%clk 1:32:01]} 5. Nf3 {[%clk 1:32:18]} d6 {[%clk 1:32:21]}
6. Be2 {[%clk 1:32:42]} e5 {[%clk 1:30:48]} 7. O-O {[%clk 1:33:05]} Nbd7
{[%clk 1:21:36]} 8. Be3 {[%clk 1:31:51]} Re8 {[%clk 1:21:56]} 9. Qc2
{[%clk 1:28:04]} exd4 {[%clk 1:20:18]} 10. Nxd4 {[%clk 1:26:39]} c6
{[%clk 1:20:31]} 11. Rad1 {[%clk 1:25:33]} a6 {[%clk 1:19:31]} 12. Rfe1
{[%clk 1:21:59]} Qe7 {[%clk 1:12:32]} 13. Bg5 {[%clk 1:21:40]} Nc5
{[%clk 0:36:37]} 14. Bf1 {[%clk 1:18:14]} Qc7 {[%clk 0:28:39]} 15. Bf4
{[%clk 1:13:32]} Nh5 {[%clk 0:23:52]} 16. Be3 {[%clk 1:13:13]} Be5
{[%clk 0:18:37]} 17. g3 {[%clk 1:09:45]} Ne6 {[%clk 0:16:10]} 18. Nb3
{[%clk 0:59:32]} b6 {[%clk 0:09:51]} 19. f4 {[%clk 0:53:04]} Bg7 {[%clk 0:09:59]}
20. Qd2 {[%clk 0:53:22]} Bf8 {[%clk 0:09:37]} 21. g4 {[%clk 0:37:41]} Nf6
{[%clk 0:09:38]} 22. h3 {[%clk 0:37:59]} Nd7 {[%clk 0:08:19]} 23. Nd4
{[%clk 0:33:33]} Nxd4 {[%clk 0:06:25]} 24. Qxd4 {[%clk 0:32:43]} Nc5
{[%clk 0:06:24]} 25. Bg2 {[%clk 0:31:40]} a5 {[%clk 0:06:43]} 26. Qd2
{[%clk 0:26:28]} a4 {[%clk 0:06:27]} 27. f5 {[%clk 0:24:29]} Ba6 {[%clk 0:04:51]}
28. Bh6 {[%clk 0:23:28]} Bxh6 {[%clk 0:04:08]} 29. Qxh6 {[%clk 0:22:43]} Re5
{[%clk 0:00:38]} 30. Nd5 {[%clk 0:14:18]} cxd5 {[%clk 0:01:02]} 31. f6
{[%clk 0:15:02]} Ne6 {[%clk 0:00:33]} 32. exd5 Rf8 33. b3 {[%clk 0:08:44]} axb3
{[%clk 0:00:39]} 34. axb3 {[%clk 0:09:07]} b5 {[%clk 0:00:40]} 35. cxb5
{[%clk 0:02:38]} Bxb5 {[%clk 0:01:09]} 36. Kh1 {[%clk 0:02:21]} Qc3
{[%clk 0:00:55]} 37. Rg1 {[%clk 0:00:35]} Qe3 {[%clk 0:00:38]} 38. Qxe3
{[%clk 0:00:49]} Rxe3 {[%clk 0:01:07]} 39. dxe6 {[%clk 0:01:12]} Rxe6
{[%clk 0:00:33]} 40. g5 {[%clk 0:31:18]} h6 {[%clk 0:30:50]} 41. h4 hxg5
{[%clk 0:22:06]} 42. hxg5 {[%clk 0:30:45]} Rfe8 {[%clk 0:19:18]} 43. Bd5
{[%clk 0:22:23]} Re5 {[%clk 0:16:33]} 44. Kh2 {[%clk 0:18:43]} Rf5
{[%clk 0:15:58]} 45. Bb7 {[%clk 0:17:08]} Rb8 {[%clk 0:05:04]} 46. Be4
{[%clk 0:12:40]} Re5 {[%clk 0:04:42]} 47. Bd5 {[%clk 0:08:01]} Be2
{[%clk 0:04:15]} 48. Rd2 {[%clk 0:04:02]} 1/2-1/2

[Event "Team men HL 2016"]
[Site "Sochi"]
[Date "2016.05.08"]
[Round "7.6"]
[White "Bykov, Egor"]
[Black "Bernadskiy, Vitaliy"]
[Result "1/2-1/2"]
[LiveChessVersion "1.4.4"]
[BlackElo "2526"]
[WhiteElo "2330"]

1. d4 {[%clk 1:30:57]} g6 {[%clk 1:30:55]} 2. Nf3 {[%clk 1:31:19]} Bg7
{[%clk 1:31:22]} 3. g3 {[%clk 1:31:37]} d6 {[%clk 1:22:32]} 4. Bg2
{[%clk 1:31:37]} Nd7 {[%clk 1:22:57]} 5. O-O {[%clk 1:30:23]} e5 {[%clk 1:23:12]}
6. e4 {[%clk 1:29:06]} Ngf6 {[%clk 1:22:58]} 7. Nbd2 {[%clk 1:24:39]} exd4
{[%clk 1:16:45]} 8. Nxd4 {[%clk 1:25:01]} O-O {[%clk 1:17:08]} 9. c3
{[%clk 1:24:51]} Re8 {[%clk 1:16:24]} 10. Qc2 {[%clk 1:23:57]} a5
{[%clk 1:14:08]} 11. a4 {[%clk 1:15:01]} Nb6 {[%clk 1:12:14]} 12. b3
{[%clk 0:59:32]} h5 {[%clk 1:06:00]} 13. Bb2 {[%clk 0:57:32]} h4 {[%clk 1:04:58]}
14. Rfe1 {[%clk 0:56:06]} c6 {[%clk 0:58:43]} 15. Rad1 {[%clk 0:52:32]} hxg3
{[%clk 0:58:07]} 16. hxg3 {[%clk 0:52:12]} Bg4 {[%clk 0:58:27]} 17. f3
{[%clk 0:51:18]} Bc8 {[%clk 0:57:25]} 18. Ne2 {[%clk 0:39:38]} Nfd7
{[%clk 0:50:48]} 19. Nf1 {[%clk 0:33:19]} d5 {[%clk 0:46:00]} 20. Nf4
{[%clk 0:31:23]} dxe4 {[%clk 0:41:22]} 21. Rxe4 {[%clk 0:29:06]} Rxe4
{[%clk 0:41:32]} 22. Qxe4 {[%clk 0:28:41]} Qf8 {[%clk 0:40:57]} 23. Qe3
{[%clk 0:27:22]} Qc5 {[%clk 0:39:53]} 24. Nd3 {[%clk 0:25:58]} Qxe3+
{[%clk 0:38:41]} 25. Nxe3 {[%clk 0:25:42]} Nf8 {[%clk 0:37:01]} 26. Kf2
{[%clk 0:19:09]} Be6 {[%clk 0:29:07]} 27. Nc5 {[%clk 0:18:56]} Re8
{[%clk 0:29:05]} 28. Rd2 {[%clk 0:17:03]} Bc8 {[%clk 0:27:51]} 29. Ne4
{[%clk 0:09:08]} f5 {[%clk 0:24:30]} 30. Nd6 {[%clk 0:08:47]} Rd8
{[%clk 0:24:54]} 31. Ndc4 {[%clk 0:08:40]} Rxd2+ {[%clk 0:24:07]} 32. Nxd2
{[%clk 0:09:08]} Be6 {[%clk 0:24:26]} 33. Bf1 {[%clk 0:08:40]} Nfd7
{[%clk 0:24:42]} 34. Nec4 {[%clk 0:07:31]} Nxc4 {[%clk 0:24:51]} 35. Nxc4
{[%clk 0:07:31]} b6 {[%clk 0:21:57]} 36. b4 {[%clk 0:03:25]} Bxc4
{[%clk 0:21:30]} 37. Bxc4+ {[%clk 0:03:53]} Kf8 {[%clk 0:21:42]} 38. bxa5
{[%clk 0:02:55]} bxa5 {[%clk 0:22:09]} 39. Bb3 {[%clk 0:01:55]} Ke7
{[%clk 0:20:52]} 40. Ba3+ {[%clk 0:31:33]} c5 {[%clk 0:50:19]} 41. c4
{[%clk 0:31:10]} Bd4+ {[%clk 0:49:47]} 42. Ke2 {[%clk 0:30:57]} Nb8
{[%clk 0:50:03]} 43. g4 {[%clk 0:28:03]} Nc6 {[%clk 0:48:22]} 44. Bc1
{[%clk 0:26:58]} Bf6 {[%clk 0:44:45]} 45. Be3 {[%clk 0:27:02]} Bd4
{[%clk 0:36:52]} 46. Bc1 {[%clk 0:26:48]} Ke6 {[%clk 0:36:36]} 47. Bd2
{[%clk 0:25:35]} Bb2 {[%clk 0:35:36]} 48. Be3 {[%clk 0:25:56]} Ba3
{[%clk 0:35:11]} 49. gxf5+ {[%clk 0:23:41]} gxf5 {[%clk 0:35:33]} 50. Bc2
{[%clk 0:21:42]} Bb4 {[%clk 0:33:13]} 51. Bb1 {[%clk 0:21:00]} Ke5
{[%clk 0:31:43]} 52. Kd3 {[%clk 0:17:17]} Ne7 {[%clk 0:26:38]} 53. Ke2
{[%clk 0:16:38]} Nc8 {[%clk 0:22:35]} 54. Bc2 {[%clk 0:16:07]} Nb6
{[%clk 0:21:12]} 55. Bb3 {[%clk 0:16:29]} Nd7 {[%clk 0:20:31]} 56. Bc2
{[%clk 0:16:37]} Nb8 {[%clk 0:17:58]} 57. Bb1 {[%clk 0:16:54]} Nc6
{[%clk 0:18:24]} 58. Kd3 {[%clk 0:16:59]} Ba3 {[%clk 0:17:57]} 59. f4+
{[%clk 0:13:00]} Kf6 {[%clk 0:16:26]} 60. Ke2 {[%clk 0:12:14]} Bb4
{[%clk 0:15:30]} 61. Bc2 {[%clk 0:12:00]} Ne7 {[%clk 0:15:42]} 62. Bd3
{[%clk 0:11:50]} Nc8 {[%clk 0:15:59]} 63. Bc2 {[%clk 0:11:00]} Kg6
{[%clk 0:16:04]} 64. Kf3 {[%clk 0:11:08]} Nd6 {[%clk 0:12:16]} 65. Bd3
{[%clk 0:11:25]} Nc8 {[%clk 0:10:53]} 66. Bc2 {[%clk 0:11:50]} Ne7
{[%clk 0:10:11]} 67. Bd3 {[%clk 0:12:01]} Nc6 {[%clk 0:09:53]} 68. Bc2
{[%clk 0:12:10]} Nb8 {[%clk 0:10:06]} 69. Bd3 {[%clk 0:12:27]} Nd7
{[%clk 0:10:33]} 70. Bc2 {[%clk 0:12:50]} Bc3 {[%clk 0:10:23]} 71. Bf2
{[%clk 0:12:35]} Bd2 {[%clk 0:10:27]} 72. Bg1 {[%clk 0:12:22]} Bb4
{[%clk 0:09:13]} 73. Be3 {[%clk 0:12:44]} Nf8 {[%clk 0:09:41]} 74. Bd3
{[%clk 0:13:02]} Ne6 {[%clk 0:10:08]} 75. Bc2 {[%clk 0:13:22]} Bc3
{[%clk 0:10:28]} 76. Bd3 {[%clk 0:13:07]} Bf6 {[%clk 0:10:48]} 77. Bf2
{[%clk 0:12:50]} Bd8 {[%clk 0:10:58]} 78. Be3 {[%clk 0:13:12]} Bc7
{[%clk 0:11:20]} 79. Bb1 {[%clk 0:13:16]} Bd6 {[%clk 0:11:40]} 80. Bd3
{[%clk 0:13:39]} Nd8 {[%clk 0:11:28]} 81. Bc2 {[%clk 0:13:45]} Nc6
{[%clk 0:11:33]} 82. Bd3 {[%clk 0:14:05]} Nd8 {[%clk 0:09:39]} 83. Bb1
{[%clk 0:14:28]} Ne6 {[%clk 0:09:58]} 84. Bd3 {[%clk 0:14:52]} Be7
{[%clk 0:09:21]} 85. Bb1 {[%clk 0:15:12]} Bh4 {[%clk 0:09:41]} 86. Bd3
{[%clk 0:15:32]} Be1 {[%clk 0:09:30]} 87. Bb1 {[%clk 0:15:42]} Bb4
{[%clk 0:09:51]} 88. Bd3 {[%clk 0:15:59]} Nf8 {[%clk 0:10:10]} 89. Bb1
{[%clk 0:16:22]} Nd7 {[%clk 0:10:37]} 90. Bc2 {[%clk 0:16:47]} Bc3
{[%clk 0:10:40]} 91. Bf2 {[%clk 0:17:00]} Kf6 {[%clk 0:10:25]} 92. Be3
{[%clk 0:17:15]} Bb4 {[%clk 0:08:59]} 93. Bb3 {[%clk 0:17:18]} Ke6
{[%clk 0:07:31]} 94. Bc2 {[%clk 0:17:41]} Nb6 {[%clk 0:07:24]} 95. Bb3
{[%clk 0:18:03]} Kd6 {[%clk 0:07:32]} 96. Kg3 {[%clk 0:17:51]} Be1+
{[%clk 0:07:49]} 97. Kf3 {[%clk 0:18:15]} Nc8 {[%clk 0:07:48]} 98. Bc2
{[%clk 0:18:36]} Ne7 {[%clk 0:08:07]} 99. Bd3 {[%clk 0:18:49]} Bb4
{[%clk 0:07:55]} 1/2-1/2

[Event "Team men HL 2016"]
[Site "Sochi"]
[Date "2016.05.08"]
[Round "7.7"]
[White "Yuffa, Daniil"]
[Black "Nechaev, Oleg"]
[Result "0-1"]
[LiveChessVersion "1.4.4"]
[BlackElo "2343"]
[WhiteElo "2503"]

1. Nf3 {[%clk 1:30:39]} c5 {[%clk 1:30:51]} 2. c4 {[%clk 1:30:54]} g6
{[%clk 1:31:12]} 3. Nc3 {[%clk 1:30:19]} Bg7 {[%clk 1:31:16]} 4. g3
{[%clk 1:30:33]} Nc6 {[%clk 1:31:36]} 5. Bg2 {[%clk 1:30:58]} e5 {[%clk 1:31:58]}
6. O-O {[%clk 1:31:23]} Nge7 {[%clk 1:32:23]} 7. Ne1 {[%clk 1:31:34]} d6
{[%clk 1:32:43]} 8. Nc2 {[%clk 1:31:54]} Be6 {[%clk 1:33:01]} 9. Ne3
{[%clk 1:31:25]} Qd7 {[%clk 1:32:50]} 10. Ned5 {[%clk 1:30:36]} O-O
{[%clk 1:32:21]} 11. d3 {[%clk 1:29:01]} Bh3 {[%clk 1:28:27]} 12. Ne4
{[%clk 1:21:17]} Nxd5 {[%clk 1:27:30]} 13. cxd5 {[%clk 1:20:30]} Ne7
{[%clk 1:22:17]} 14. Bxh3 {[%clk 1:05:01]} Qxh3 {[%clk 1:21:47]} 15. Qa4
{[%clk 1:02:42]} Nxd5 {[%clk 1:17:49]} 16. Qb3 {[%clk 0:49:58]} Nf6
{[%clk 1:15:34]} 17. Nxf6+ {[%clk 0:50:01]} Bxf6 {[%clk 1:15:56]} 18. Qxb7
{[%clk 0:50:25]} Qe6 {[%clk 1:15:23]} 19. e4 {[%clk 0:40:23]} Rfb8
{[%clk 1:11:37]} 20. Qc6 {[%clk 0:39:12]} Rc8 {[%clk 1:11:35]} 21. Qa6
{[%clk 0:37:36]} h5 {[%clk 1:09:54]} 22. Qc4 {[%clk 0:28:18]} Rcb8
{[%clk 1:07:38]} 23. Qc2 {[%clk 0:25:49]} Kg7 {[%clk 1:02:06]} 24. f3
{[%clk 0:23:39]} a5 {[%clk 0:55:01]} 25. Bd2 {[%clk 0:22:52]} a4 {[%clk 0:54:07]}
26. Kg2 {[%clk 0:20:01]} Rb7 {[%clk 0:52:58]} 27. h3 {[%clk 0:19:04]} h4
{[%clk 0:51:45]} 28. g4 {[%clk 0:17:59]} g5 {[%clk 0:50:54]} 29. Rf2
{[%clk 0:15:39]} Kg6 {[%clk 0:47:47]} 30. Be1 {[%clk 0:14:52]} Bd8
{[%clk 0:47:13]} 31. Qc4 {[%clk 0:13:50]} Ba5 {[%clk 0:42:10]} 32. Bxa5
{[%clk 0:07:08]} Rxa5 {[%clk 0:42:30]} 33. Qxe6+ {[%clk 0:06:33]} fxe6
{[%clk 0:42:57]} 34. Rc1 {[%clk 0:06:31]} Rab5 {[%clk 0:39:58]} 35. Rc4
{[%clk 0:05:51]} Rxb2 {[%clk 0:39:43]} 36. Rxa4 {[%clk 0:06:08]} Kf6
{[%clk 0:36:09]} 37. Ra6 {[%clk 0:04:58]} Ke7 {[%clk 0:35:21]} 38. Ra8
{[%clk 0:04:13]} Rb1 {[%clk 0:34:48]} 39. Rg8 {[%clk 0:03:23]} Kf6
{[%clk 0:34:45]} 40. Rf8+ {[%clk 0:33:33]} Kg7 {[%clk 1:04:04]} 41. Rd8
{[%clk 0:31:01]} R7b6 {[%clk 0:59:49]} 42. Rd2 {[%clk 0:30:34]} Ra1
{[%clk 0:59:33]} 43. Kf2 {[%clk 0:29:12]} Kf7 {[%clk 0:54:10]} 44. Rd7+
{[%clk 0:27:18]} Kf6 {[%clk 0:54:18]} 45. Rd8 {[%clk 0:26:41]} Ra6
{[%clk 0:49:08]} 46. Ke3 {[%clk 0:20:19]} Re1+ {[%clk 0:48:30]} 47. Kf2
{[%clk 0:20:24]} Rh1 {[%clk 0:48:53]} 48. Ke3 {[%clk 0:17:37]} Rb6
{[%clk 0:41:25]} 49. a4 {[%clk 0:17:41]} Ra1 {[%clk 0:41:38]} 50. Ra8
{[%clk 0:17:17]} Rb3 {[%clk 0:22:06]} 51. a5 {[%clk 0:15:31]} c4 {[%clk 0:21:54]}
52. a6 {[%clk 0:11:40]} c3 {[%clk 0:17:09]} 53. Re2 {[%clk 0:12:00]} d5
{[%clk 0:15:49]} 54. exd5 {[%clk 0:12:24]} exd5 {[%clk 0:16:11]} 55. a7
{[%clk 0:11:37]} Rba3 {[%clk 0:13:11]} 56. Rf8+ {[%clk 0:09:03]} Ke6
{[%clk 0:10:44]} 57. Rf5 {[%clk 0:07:28]} R3a2 {[%clk 0:08:10]} 58. Rxa2
{[%clk 0:04:58]} d4+ {[%clk 0:08:15]} 59. Ke2 {[%clk 0:05:25]} Rxa2+
{[%clk 0:08:40]} 60. Kd1 {[%clk 0:05:51]} Rxa7 {[%clk 0:08:39]} 61. Rxg5
{[%clk 0:06:16]} Ra1+ {[%clk 0:07:40]} 62. Kc2 {[%clk 0:06:41]} Ra2+
{[%clk 0:07:59]} 63. Kc1 {[%clk 0:06:55]} Rd2 {[%clk 0:07:59]} 64. f4
{[%clk 0:06:37]} exf4 {[%clk 0:07:57]} 65. Rf5 {[%clk 0:07:03]} Rxd3
{[%clk 0:08:13]} 66. Rxf4 {[%clk 0:07:28]} 0-1

[Event "Team men HL 2016"]
[Site "Sochi"]
[Date "2016.05.08"]
[Round "7.8"]
[White "Rozhko, Dmitry"]
[Black "Lugovskoy, Maxim"]
[Result "1/2-1/2"]
[LiveChessVersion "1.4.4"]
[BlackElo "2491"]
[WhiteElo "2298"]

1. e4 {[%clk 1:30:50]} e6 {[%clk 1:30:56]} 2. d4 {[%clk 1:31:16]} d5
{[%clk 1:31:24]} 3. Nc3 {[%clk 1:31:26]} Nf6 {[%clk 1:30:57]} 4. exd5
{[%clk 1:31:19]} Nxd5 {[%clk 1:30:03]} 5. Nxd5 {[%clk 1:30:04]} exd5
{[%clk 1:30:21]} 6. Bd3 {[%clk 1:29:39]} Nc6 {[%clk 1:30:40]} 7. c3
{[%clk 1:29:56]} Be6 {[%clk 1:20:41]} 8. Qf3 {[%clk 1:27:51]} Qd7
{[%clk 1:20:51]} 9. h3 {[%clk 1:26:49]} O-O-O {[%clk 1:18:29]} 10. Ne2
{[%clk 1:25:53]} Bd6 {[%clk 1:14:59]} 11. Bf4 {[%clk 1:18:23]} Bf5
{[%clk 1:13:38]} 12. Bxf5 {[%clk 1:17:40]} Qxf5 {[%clk 1:13:58]} 13. Qg4
{[%clk 1:18:07]} Qxg4 {[%clk 0:59:41]} 14. hxg4 {[%clk 1:18:32]} Rhe8
{[%clk 0:59:01]} 15. Bxd6 {[%clk 1:17:35]} Rxd6 {[%clk 0:59:24]} 16. Kd2
{[%clk 1:17:25]} h6 {[%clk 0:59:46]} 17. Rae1 {[%clk 1:14:06]} Kd7
{[%clk 0:50:35]} 18. Ng3 {[%clk 1:05:52]} Rxe1 {[%clk 0:44:44]} 19. Rxe1
{[%clk 1:03:48]} Ne7 {[%clk 0:43:35]} 20. Rxe7+ {[%clk 0:58:32]} Kxe7
{[%clk 0:44:00]} 21. Nf5+ {[%clk 0:59:00]} Kd7 {[%clk 0:44:24]} 22. Nxd6
{[%clk 0:59:28]} Kxd6 {[%clk 0:44:48]} 23. Ke3 {[%clk 0:59:33]} Ke6
{[%clk 0:45:11]} 24. Kf4 {[%clk 0:56:56]} g5+ {[%clk 0:44:07]} 25. Ke3
{[%clk 0:56:09]} Kd6 {[%clk 0:42:42]} 26. Kd3 {[%clk 0:55:55]} Ke6
{[%clk 0:40:42]} 27. Ke3 {[%clk 0:56:20]} Kf6 {[%clk 0:41:09]} 28. f3
{[%clk 0:50:22]} Kg6 {[%clk 0:41:20]} 29. Kf2 {[%clk 0:48:28]} h5
{[%clk 0:40:49]} 30. gxh5+ {[%clk 0:48:21]} Kxh5 {[%clk 0:41:12]} 31. g4+
{[%clk 0:48:49]} Kg6 {[%clk 0:41:25]} 32. Ke2 {[%clk 0:49:15]} Kf6
{[%clk 0:41:25]} 33. Kd2 {[%clk 0:49:43]} Ke6 {[%clk 0:41:49]} 34. Kc2
{[%clk 0:50:09]} f5 {[%clk 0:42:08]} 35. Kb3 {[%clk 0:50:32]} fxg4
{[%clk 0:41:08]} 36. fxg4 {[%clk 0:49:11]} Kd7 {[%clk 0:41:26]} 37. Kb4
{[%clk 0:49:24]} c6 {[%clk 0:40:34]} 38. Ka5 {[%clk 0:49:35]} Kd6
{[%clk 0:39:07]} 39. Kb4 {[%clk 0:48:23]} Kc7 {[%clk 0:39:31]} 40. Ka5
{[%clk 1:18:50]} Kd6 {[%clk 1:09:55]} 1/2-1/2

[Event "Team men HL 2016"]
[Site "Sochi"]
[Date "2016.05.08"]
[Round "7.9"]
[White "Potapov, Pavel"]
[Black "Alekseenko, Kirill"]
[Result "1/2-1/2"]
[LiveChessVersion "1.4.4"]
[BlackElo "2570"]
[WhiteElo "2485"]

1. e4 {[%clk 1:30:57]} c6 {[%clk 1:30:23]} 2. d4 {[%clk 1:30:51]} d5
{[%clk 1:30:47]} 3. e5 {[%clk 1:30:16]} Bf5 {[%clk 1:30:43]} 4. h4
{[%clk 1:27:23]} h5 {[%clk 1:30:46]} 5. Bd3 {[%clk 1:27:33]} Bxd3
{[%clk 1:30:45]} 6. Qxd3 {[%clk 1:27:58]} e6 {[%clk 1:31:10]} 7. Bg5
{[%clk 1:22:17]} Be7 {[%clk 1:31:35]} 8. Nf3 {[%clk 1:22:20]} Nh6
{[%clk 1:31:41]} 9. Bxh6 {[%clk 1:10:27]} Rxh6 {[%clk 1:28:22]} 10. Nbd2
{[%clk 1:10:37]} Nd7 {[%clk 1:13:40]} 11. g3 {[%clk 1:03:42]} c5 {[%clk 0:42:24]}
12. c4 {[%clk 0:59:10]} cxd4 {[%clk 0:30:05]} 13. cxd5 {[%clk 0:54:16]} Qa5
{[%clk 0:29:04]} 14. Qxd4 {[%clk 0:48:31]} Qxd5 {[%clk 0:29:16]} 15. Qxd5
{[%clk 0:48:29]} exd5 {[%clk 0:29:41]} 16. O-O-O {[%clk 0:31:34]} Nc5
{[%clk 0:24:54]} 17. Nb3 {[%clk 0:29:48]} Nxb3+ {[%clk 0:25:02]} 18. axb3
{[%clk 0:30:14]} Rb6 {[%clk 0:25:20]} 19. Rd3 {[%clk 0:29:54]} a5
{[%clk 0:25:29]} 20. Rhd1 {[%clk 0:29:17]} a4 {[%clk 0:18:25]} 21. bxa4
{[%clk 0:27:51]} Rxa4 {[%clk 0:18:48]} 22. Kb1 {[%clk 0:26:57]} Rba6
{[%clk 0:16:24]} 23. Kc2 {[%clk 0:21:10]} Rc6+ {[%clk 0:13:08]} 24. Kb1
{[%clk 0:20:27]} Rca6 {[%clk 0:13:16]} 25. Kc2 {[%clk 0:19:34]} Rc6+
{[%clk 0:13:02]} 26. Kb1 {[%clk 0:18:03]} 1/2-1/2